000 00233nam a2200109 a 4500
005 20140414132009.0
008 110303s19uu xx 00 eng d
050 _aVCD
_bIC2
245 _aIce Age.
999 _c113238
_d113238